000 00741cam a2200205 i 4500
005 20251117101937.0
008 250721s2002 jo gr 000 0 ara d
020 _a99570500990
082 1 4 _a210.42346048
_bه ل ا
100 1 _aأبو هلالة، يوسف محيي الدين
_eمؤلف.
245 1 0 _aحق التأليف في الدعوة الإسلامية /
_cتأليف د. يوسف محيى الدين ابو هلالة.
250 _aالطبعة الأولى.
264 3 1 _aعمان :
_bجامعة الحسين للنشر،
_c2002.
300 _a160صفحة.
650 1 7 _aالدعوة الإسلامية.
650 1 7 _aالتأليف.
650 1 7 _aحقوق النشر.
942 _2ddc
_cBK
999 _c94457
_d94457